Majetok, záväzky a vlastné imanie v účtovníctve obcí s aplikáciou v konkrétnej obci diplomová práca

Gespeichert in:
Bibliographische Detailangaben
1. Verfasser: Füssyová, Dominika
Körperschaft: Fakulta hospodárskej informatiky EU. Katedra účtovníctva a audítorstva
Weitere Verfasser: Kršeková, Marianna
Format: Buch
Sprache:Slowakisch
Veröffentlicht: Bratislava 2010
Tags: Tag hinzufügen
Keine Tags, Fügen Sie das erste Tag hinzu!

MARC

LEADER 00000nam$a2200000$$$4500
001 0118916
005 20240318122534.2
041 0 |a slo 
044 |a SK 
245 1 0 |a Majetok, záväzky a vlastné imanie v účtovníctve obcí s aplikáciou v konkrétnej obci  |b diplomová práca  |c Dominika Füssyová ; škol. Marianna Kršeková 
264 1 |a Bratislava  |c 2010 
300 |a 83 s. 
100 1 |a Füssyová, Dominika 
700 1 |a Kršeková, Marianna 
710 2 |a Fakulta hospodárskej informatiky EU. Katedra účtovníctva a audítorstva